00576 2200217 4500001002100000005001500021035002000036007000300056008004100059020001500100082001100115084001700126100001900143245007000162250001100232260004000243300003700283650002000320990000900340990000900349INLIS00000000001141220220518100414 a0010-0522000128ta220518 g 0 ind  a979335707X a636.59 a636.59 BUD m0 aBUDIMAN, arief1 aMeningkatkan Populasi & Produktivitas Walet /cDrs. Arief Budiman aCet. 1 aJakarta :bAgroMedia Pustaka,c2003 aviii, 72 hlm :b.ilus ;c23,5 cm 4aWalet ( burung) a366b a366c